[Event "Gibtelecom Masters"]
[Site "Gibraltar"]
[Date "2008.01.25"]
[Round "4.2"]
[White "Stefanova, Antoaneta"]
[Black "Akobian, Varuzhan"]
[Result "1-0"]
[WhiteElo "2464"]
[BlackElo "2599"]
[PlyCount "153"]
[EventDate "2008.01.22"]

1. d4 d5 2. c4 c6 3. cxd5 cxd5 4. Bf4 Nc6 5. Nc3 Nf6 6. e3 a6 7. Bd3 Bg4 8.
Nge2 e6 9. Rc1 Bd6 10. f3 Bh5 11. O-O Bg6 12. Na4 O-O 13. Nc5 Bxf4 14. Nxf4 Qb6
15. Bxg6 hxg6 16. Nfd3 Rfc8 17. Rc3 Qa7 18. Qc2 Ne7 19. Ne5 b6 20. Ncd3 Rxc3
21. Qxc3 Rc8 22. Qd2 Ne8 23. Rc1 Rc7 24. a4 f6 25. Ng4 Nd6 26. b3 a5 27. Ngf2
Rxc1+ 28. Qxc1 Qb7 29. Nd1 g5 30. Nc3 Kf7 31. Ne2 Nef5 32. Kf2 Ke8 33. Ng3 Ne7
34. Qc2 Qc6 35. Qxc6+ Nxc6 36. Ke1 e5 37. dxe5 fxe5 38. Kd2 Kf7 39. Ne2 Ke6 40.
Nc3 d4 41. Ne4 Nxe4+ 42. fxe4 g4 43. Nb2 Kd6 44. exd4 exd4 45. Nc4+ Kc5 46. Kd3
Nb4+ 47. Kd2 Nc6 48. Kd3 g6 49. e5 Kd5 50. Nxb6+ Kxe5 51. Nd7+ Ke6 52. Nb6 Ke5
53. Nd7+ Ke6 54. Nb6 Kf5 55. Nc4 Kf6 56. Nxa5 Nxa5 57. b4 Nc6 58. b5 Ne5+ 59.
Kxd4 Nd7 60. a5 Ke6 61. a6 Kd6 62. a7 Nb6 63. Ke4 g3 64. h4 Kc7 65. Kf4 Kb7 66.
Kxg3 Nd5 67. b6 Nxb6 68. Kf4 Nd5+ 69. Kg5 Ne3 70. g3 Nf1 71. g4 Nh2 72. h5 gxh5
73. gxh5 Nf3+ 74. Kf6 Nh2 75. Kf5 Nf3 76. h6 Nd4+ 77. Ke4 1-0

[Event "Gibtelecom Masters"]
[Site "Gibraltar"]
[Date "2008.01.25"]
[Round "4.3"]
[White "Bu, Xiangzhi"]
[Black "Sulskis, Sarunas"]
[Result "1-0"]
[WhiteElo "2691"]
[BlackElo "2553"]
[PlyCount "81"]
[EventDate "2008.01.22"]

1. Nf3 Nf6 2. c4 c5 3. Nc3 e6 4. g3 b6 5. Bg2 Bb7 6. O-O Be7 7. Re1 Ne4 8. d4
Nxc3 9. bxc3 Nc6 10. d5 Na5 11. e4 Nxc4 12. Bf4 g5 13. Bc1 b5 14. Bf1 O-O 15.
Rb1 exd5 16. exd5 Nb6 17. d6 Bf6 18. Nxg5 Bxg5 19. Qg4 f5 20. Qxg5+ Qxg5 21.
Bxg5 a6 22. Be7 Be4 23. Rbd1 Rf7 24. Be2 Na4 25. Rc1 Nb2 26. f3 Bd3 27. Bd1
Nxd1 28. Rcxd1 c4 29. Re5 Rb8 30. a3 a5 31. Rc5 f4 32. Rc7 fxg3 33. Rxd7 Rxf3
34. Rc7 Kf7 35. Bh4+ Kg6 36. d7 gxh2+ 37. Kxh2 Rff8 38. Rg1+ Kf5 39. Be7 Rh8
40. Rc6 Kf4 41. Bd6+ 1-0

[Event "Gibtelecom Masters"]
[Site "Gibraltar"]
[Date "2008.01.25"]
[Round "4.4"]
[White "Felgaer, Ruben"]
[Black "Ni Hua"]
[Result "0-1"]
[WhiteElo "2539"]
[BlackElo "2680"]
[PlyCount "64"]
[EventDate "2008.01.22"]

1. e4 e6 2. d4 d5 3. Nc3 Nf6 4. Bg5 Be7 5. e5 Nfd7 6. Bxe7 Qxe7 7. f4 a6 8. Nf3
c5 9. dxc5 Nc6 10. Bd3 Nxc5 11. O-O h6 12. Qd2 O-O 13. Kh1 Bd7 14. Rae1 f5 15.
exf6 Qxf6 16. Ne5 Nxe5 17. fxe5 Qh4 18. Ne2 Bb5 19. Qe3 Nxd3 20. cxd3 Qg5 21.
Rxf8+ Rxf8 22. Qxg5 hxg5 23. Nd4 Rf2 24. Nxe6 Bxd3 25. Rc1 Rxb2 26. Rc8+ Kf7
27. Nxg5+ Kg6 28. h4 Rxa2 29. Rc7 d4 30. Rd7 Bb5 31. e6 Bc6 32. Nf3 Kf6 0-1

[Event "Gibtelecom Masters"]
[Site "Gibraltar"]
[Date "2008.01.25"]
[Round "4.7"]
[White "Gopal, G.N."]
[Black "Georgiev, Kiril"]
[Result "0-1"]
[WhiteElo "2528"]
[BlackElo "2662"]
[PlyCount "80"]
[EventDate "2008.01.22"]

1. e4 e5 2. Nf3 Nf6 3. Nxe5 d6 4. Nf3 Nxe4 5. d4 d5 6. Bd3 Nc6 7. O-O Be7 8.
Nc3 Bf5 9. Re1 Nxc3 10. bxc3 Bxd3 11. Qxd3 O-O 12. Rb1 Na5 13. Qf5 c6 14. Bf4
Bf6 15. Be5 Re8 16. Qf4 b6 17. Re2 Nc4 18. Rbe1 Bxe5 19. dxe5 h6 20. h4 c5 21.
e6 fxe6 22. Rxe6 Qd7 23. Rxe8+ Rxe8 24. Rxe8+ Qxe8 25. Qc7 a5 26. a4 Kh7 27.
Qf4 Kg8 28. Qc7 Qf7 29. Qc8+ Kh7 30. Qd8 Qe6 31. h5 Qf7 32. Qh4 Qf5 33. Qh2 Nb2
34. Qh4 Nd1 35. Qd8 Qxc2 36. Qe8 Nxc3 37. Nh4 Ne2+ 38. Kh2 Qe4 39. Qd8 Qf4+ 40.
Kh1 Qg5 0-1

[Event "Gibtelecom Masters"]
[Site "Gibraltar"]
[Date "2008.01.25"]
[Round "4.8"]
[White "Areshchenko, Alexander"]
[Black "Hebden, Mark L"]
[Result "1/2-1/2"]
[WhiteElo "2645"]
[BlackElo "2530"]
[PlyCount "128"]
[EventDate "2008.01.22"]

1. e4 e5 2. Nf3 Nc6 3. d4 exd4 4. Nxd4 Nf6 5. Nxc6 bxc6 6. e5 Qe7 7. Qe2 Nd5 8.
c4 Ba6 9. b3 O-O-O 10. g3 g5 11. Bb2 Bg7 12. Bg2 Rde8 13. O-O Bxe5 14. Qxe5
Qxe5 15. Bxe5 Rxe5 16. cxd5 Bxf1 17. Kxf1 cxd5 18. Na3 c6 19. Nc2 h5 20. Rd1 h4
21. Nd4 hxg3 22. hxg3 f6 23. g4 a5 24. Nf5 Kc7 25. Rd4 Rb8 26. Ra4 Rb4 27. Rxa5
Rxg4 28. Ng3 Rd4 29. Kg1 f5 30. Ra7+ Kb6 31. Rxd7 f4 32. Nf1 g4 33. Nh2 f3 34.
Bf1 Rd1 35. Rg7 d4 36. Rxg4 Rf5 37. Rg3 d3 38. Nxf3 d2 39. Nxd2 Rxd2 40. a4
Rfxf2 41. Rg6 Rf4 42. a5+ Kc7 43. Rg7+ Kd6 44. Bg2 Rf6 45. a6 Ra2 46. a7 Kc5
47. Rb7 Rg6 48. Kh1 Rgxg2 49. a8=Q Rh2+ 50. Kg1 Rxa8 51. Kxh2 Rg8 52. Kh3 Rg6
53. b4+ Kd5 54. Rb6 Rg1 55. Kh4 Rb1 56. Kg3 Kd6 57. Kf2 Kc7 58. Ra6 Rxb4 59.
Ke3 Kd6 60. Kd3 Kc5 61. Ra5+ Rb5 62. Ra4 Rb3+ 63. Kc2 Rb4 64. Ra5+ Kc4 1/2-1/2

[Event "Gibtelecom Masters"]
[Site "Gibraltar"]
[Date "2008.01.25"]
[Round "4.9"]
[White "Leon Hoyos, Manuel"]
[Black "Socko, Bartosz"]
[Result "0-1"]
[WhiteElo "2495"]
[BlackElo "2635"]
[PlyCount "82"]
[EventDate "2008.01.22"]

1. e4 e5 2. Nf3 Nc6 3. Bc4 Bc5 4. c3 Nf6 5. d3 d6 6. Bb3 a6 7. O-O Ba7 8. h3
Ne7 9. Re1 Ng6 10. Nbd2 O-O 11. Nf1 Nh5 12. Bg5 Qe8 13. d4 Nhf4 14. Ne3 Kh8 15.
dxe5 dxe5 16. Nd5 Ne6 17. Be3 Bxe3 18. Nxe3 Nc5 19. Qd5 Nxb3 20. axb3 f6 21.
Qc5 c6 22. Nf5 Nf4 23. Qe7 Qxe7 24. Nxe7 Be6 25. Nf5 Bxb3 26. Nd6 b6 27. c4
Rad8 28. Re3 Bc2 29. c5 bxc5 30. Nb7 Rd1+ 31. Rxd1 Bxd1 32. Nxc5 Rb8 33. Ra3
Bxf3 34. Rxf3 Rxb2 35. Ra3 h5 36. Rxa6 Rc2 37. Ra5 h4 38. Nd7 Nd3 39. Ra8+ Kh7
40. Nf8+ Kh6 41. Ne6 Rc1+ 0-1

[Event "Gibtelecom Masters"]
[Site "Gibraltar"]
[Date "2008.01.25"]
[Round "4.12"]
[White "Hammer, Jon Ludvig"]
[Black "Kritz, Leonid"]
[Result "0-1"]
[WhiteElo "2441"]
[BlackElo "2592"]
[PlyCount "132"]
[EventDate "2008.01.22"]

1. e4 c5 2. Nf3 Nc6 3. Bb5 d6 4. O-O Bd7 5. c3 Nf6 6. Re1 a6 7. Ba4 b5 8. Bc2
e5 9. h3 Be7 10. d4 O-O 11. d5 Na5 12. b3 Ne8 13. Nbd2 g6 14. b4 Nb7 15. a4 Ng7
16. axb5 axb5 17. Rxa8 Qxa8 18. Nf1 Qa1 19. Bd2 Qxd1 20. Rxd1 Ra8 21. Be3 c4
22. Bc1 Bd8 23. N1d2 Ra2 24. Bb1 Ra1 25. Ne1 Bg5 26. Nc2 Ra6 27. Kh2 f5 28. f3
Nh5 29. g3 Nd8 30. Kg2 Nf7 31. Na3 Nf6 32. h4 Bh6 33. Bb2 Bg7 34. Bc2 h5 35.
Ra1 Bh6 36. Nab1 Rxa1 37. Bxa1 f4 38. Nf1 g5 39. gxf4 gxf4 40. Nh2 Nh8 41. Bb2
Ng6 42. Bc1 Nxh4+ 43. Kg1 Bg5 44. Bd2 Ng6 45. Be1 Bh4 46. Bxh4 Nxh4 47. Bd1 Kf7
48. Be2 Ke7 49. Kf2 Kd8 50. Kg1 Kc7 51. Kf2 Kb6 52. Kg1 Nh7 53. Nd2 Ng5 54. Bf1
Be8 55. Kf2 Bg6 56. Bg2 Bh7 57. Bh1 Ng6 58. Bg2 Ne7 59. Bf1 Bg6 60. Be2 Nh7 61.
Nxc4+ bxc4 62. Bxc4 Nf6 63. Be2 Nexd5 64. exd5 Nxd5 65. Kg2 Nxc3 66. Bf1 Bf5
0-1

[Event "Gibtelecom Masters"]
[Site "Gibraltar"]
[Date "2008.01.25"]
[Round "4.13"]
[White "Cmilyte, Viktorija"]
[Black "Agdestein, Simen"]
[Result "1/2-1/2"]
[WhiteElo "2475"]
[BlackElo "2589"]
[PlyCount "93"]
[EventDate "2008.01.22"]

1. d4 f5 2. g3 Nf6 3. Bg2 e6 4. c4 c6 5. Nf3 d5 6. O-O Bd6 7. Qc2 O-O 8. Nc3
Qe8 9. Rb1 b6 10. b4 Bb7 11. cxd5 cxd5 12. b5 Nbd7 13. Bf4 Bxf4 14. gxf4 Qe7
15. e3 Rfc8 16. Rfc1 Ne4 17. Qb2 h6 18. Ne5 Nxe5 19. fxe5 Nxc3 20. Rxc3 Rxc3
21. Qxc3 Rc8 22. Qb2 Rc4 23. Rc1 Qc7 24. Rxc4 dxc4 25. Qc3 Bxg2 26. Kxg2 Qb7+
27. f3 Qd5 28. a4 g5 29. Kf2 Kf7 30. h3 Kg6 31. Kg2 h5 32. Kf2 h4 33. Qc2 Kg7
34. Qd2 Qd8 35. Qb4 Qc7 36. Qc3 Kh6 37. Ke2 g4 38. fxg4 fxg4 39. hxg4 Kg5 40.
e4 Qf7 41. Qe3+ Kxg4 42. d5 h3 43. Qg1+ Kh4 44. Qe1+ Kg4 45. Qg1+ Kh4 46. Qe1+
Kg4 47. Qg1+ 1/2-1/2

[Event "Gibtelecom Masters"]
[Site "Gibraltar"]
[Date "2008.01.25"]
[Round "4.14"]
[White "Berg, Emanuel"]
[Black "Wang Yu A"]
[Result "1-0"]
[WhiteElo "2583"]
[BlackElo "2391"]
[PlyCount "167"]
[EventDate "2008.01.22"]

1. e4 e5 2. Nf3 Nc6 3. Bb5 a6 4. Ba4 Nf6 5. O-O Be7 6. Re1 b5 7. Bb3 d6 8. c3
O-O 9. h3 Na5 10. Bc2 c5 11. d4 cxd4 12. cxd4 Qc7 13. Nbd2 Nc6 14. Nb3 a5 15.
Be3 a4 16. Nbd2 Bd7 17. a3 Rfe8 18. Bd3 Qb7 19. Qe2 Rab8 20. d5 Na5 21. Reb1
Qc7 22. Rc1 Qb7 23. Rcb1 Qc7 24. b4 axb3 25. Nxb3 Nc4 26. Bc1 Nh5 27. Ra2 g6
28. g4 Nf6 29. Nbd2 h5 30. Nh2 Qa7 31. Rb4 Rec8 32. Nb1 Bd8 33. Rc2 Ba5 34. Rb3
Bb6 35. Kg2 Kg7 36. Nc3 Bd4 37. g5 Nh7 38. Nf3 Bc5 39. a4 b4 40. Bxc4 bxc3 41.
Rxb8 Rxb8 42. Rxc3 Qxa4 43. Bd3 Qa5 44. Rc2 Bb5 45. Bb2 Kg8 46. Bc3 Qa6 47.
Bxb5 Qxb5 48. Qxb5 Rxb5 49. h4 Nf8 50. Nd2 Nd7 51. Ra2 Bb4 52. Ra8+ Kg7 53.
Bxb4 Rxb4 54. Rd8 Nc5 55. Kf3 Nb3 56. Nxb3 Rxb3+ 57. Kg2 Rb4 58. f3 Rb2+ 59.
Kh3 Rb6 60. Kg3 Ra6 61. Rb8 Ra7 62. Rb6 Rd7 63. f4 Ra7 64. Rxd6 Ra3+ 65. Kf2
Ra2+ 66. Kg3 Ra3+ 67. Kf2 Ra2+ 68. Ke3 Ra3+ 69. Kd2 exf4 70. Rf6 f3 71. Rf4 Kf8
72. Ke1 Ke7 73. Kf2 Kd6 74. Rxf7 Ke5 75. Rxf3 Ra2+ 76. Kg3 Kxe4 77. d6 Ke5 78.
Rd3 Ra8 79. d7 Rd8 80. Kf3 Kf5 81. Rd5+ Ke6 82. Ke4 Rxd7 83. Rxd7 Kxd7 84. Kd5
1-0

[Event "Gibtelecom Masters"]
[Site "Gibraltar"]
[Date "2008.01.25"]
[Round "4.17"]
[White "Efimenko, Zahar"]
[Black "Devereaux, Maxim L"]
[Result "1-0"]
[WhiteElo "2638"]
[BlackElo "2348"]
[PlyCount "99"]
[EventDate "2008.01.22"]

1. d4 Nf6 2. c4 e6 3. Nf3 b6 4. Nc3 Bb4 5. Qb3 Na6 6. a3 Ba5 7. e3 c5 8. Be2
Ne4 9. O-O Bxc3 10. bxc3 O-O 11. Ne1 f5 12. f3 Nf6 13. Nd3 d6 14. a4 Qc7 15.
Bd2 Nb8 16. a5 Ba6 17. Nf4 Re8 18. d5 exd5 19. cxd5 Bxe2 20. Nxe2 Nbd7 21. c4
Rab8 22. Nf4 b5 23. cxb5 c4 24. Qb4 Qc5 25. Rab1 Qxb4 26. Rxb4 g5 27. Ne2 Nxd5
28. Rxc4 Rxb5 29. Nd4 Ne5 30. Rc2 Rc5 31. Rxc5 dxc5 32. Nxf5 Nc4 33. Rd1 Ne7
34. Nxe7+ Rxe7 35. Kf2 Rd7 36. Ke2 a6 37. e4 g4 38. Bc3 Rxd1 39. Kxd1 Ne3+ 40.
Ke2 Nxg2 41. fxg4 Kf7 42. Be5 Nh4 43. Bg3 Ng6 44. Kd3 Nf8 45. Kc4 Nd7 46. Kd5
Nf6+ 47. Kxc5 Nxe4+ 48. Kb6 Nf6 49. Kxa6 Ke6 50. Kb7 1-0

[Event "Gibtelecom Masters"]
[Site "Gibraltar"]
[Date "2008.01.25"]
[Round "4.18"]
[White "Mikhalevski, Victor"]
[Black "Karim, Ismael"]
[Result "1/2-1/2"]
[WhiteElo "2632"]
[BlackElo "2347"]
[PlyCount "103"]
[EventDate "2008.01.22"]

1. d4 d5 2. c4 c6 3. Nf3 Nf6 4. Nc3 e6 5. Bg5 dxc4 6. e4 b5 7. e5 h6 8. Bh4 g5
9. Nxg5 hxg5 10. Bxg5 Nbd7 11. g3 Qb6 12. exf6 Bb7 13. Bg2 O-O-O 14. O-O c5 15.
d5 b4 16. Rb1 Qa6 17. dxe6 Bxg2 18. e7 Bxf1 19. Qd5 Bxe7 20. fxe7 Bd3 21. Ne4
Bxb1 22. Nd6+ Kc7 23. Bf4 Kb6 24. Nxc4+ Kb5 25. Nd6+ Kb6 26. Nc4+ Kb5 27. Nd6+
Kb6 28. exd8=Q+ Rxd8 29. a4 bxa3 30. Nc4+ Qxc4 31. Qxc4 a2 32. Qb3+ Kc6 33.
Qf3+ Kb6 34. Qb3+ Kc6 35. Qf3+ Kb6 36. Qa3 Ne5 37. Qb3+ Ka6 38. Qa4+ Kb6 39.
Bxe5 a1=Q 40. Qxa1 Rd1+ 41. Kg2 Be4+ 42. f3 Bxf3+ 43. Kxf3 Rxa1 44. h4 Kc6 45.
Bg7 Kd5 46. h5 Ke6 47. h6 Rh1 48. Kg2 Rh5 49. g4 Rh4 50. Kg3 Rh1 51. Kg2 Rh4
52. Kg3 1/2-1/2

[Event "Gibtelecom Masters"]
[Site "Gibraltar"]
[Date "2008.01.25"]
[Round "4.20"]
[White "Kuzubov, Yuriy"]
[Black "Zozulia, Anna"]
[Result "1-0"]
[WhiteElo "2606"]
[BlackElo "2344"]
[PlyCount "41"]
[EventDate "2008.01.22"]

1. d4 c5 2. d5 d6 3. e4 e5 4. Bd3 Be7 5. Nf3 Nf6 6. Nbd2 O-O 7. a4 Ne8 8. Nc4
b6 9. c3 g6 10. Bh6 Ng7 11. h4 f5 12. h5 Bf6 13. hxg6 hxg6 14. Qd2 a6 15. Bxg7
Bxg7 16. Qg5 Qxg5 17. Nxg5 Ra7 18. Nxd6 Bf6 19. Ne6 Bxe6 20. dxe6 Kg7 21. exf5
1-0

[Event "Gibtelecom Masters"]
[Site "Gibraltar"]
[Date "2008.01.25"]
[Round "4.23"]
[White "Quillan, Gary"]
[Black "Cramling, Pia"]
[Result "0-1"]
[WhiteElo "2362"]
[BlackElo "2524"]
[PlyCount "72"]
[EventDate "2008.01.22"]

1. e4 c5 2. Nf3 e6 3. d4 cxd4 4. Nxd4 a6 5. Nc3 b5 6. Bd3 d6 7. O-O Nf6 8. a4
b4 9. Na2 e5 10. Nf3 Nc6 11. Bc4 Be7 12. Qd3 O-O 13. Bd2 Bb7 14. Rfe1 Qb6 15.
Be3 Qc7 16. Bd5 a5 17. Qc4 Bd8 18. Bg5 Nxd5 19. exd5 Nd4 20. Qxc7 Nxf3+ 21.
gxf3 Bxc7 22. c4 f5 23. Bd2 f4 24. Nc1 Rf5 25. Nd3 Raf8 26. Rac1 R8f6 27. Kf1
Rh5 28. Nxf4 exf4 29. Re7 Rf7 30. Re8+ Rf8 31. Re7 Rc8 32. Bxf4 Rf5 33. Bg3 Ba6
34. b3 Rxd5 35. Kg2 Rf5 36. c5 Bd8 0-1

[Event "Gibtelecom Masters"]
[Site "Gibraltar"]
[Date "2008.01.25"]
[Round "4.24"]
[White "Zhao Xue"]
[Black "Rodriguez Lopez, Rafael"]
[Result "1-0"]
[WhiteElo "2517"]
[BlackElo "2285"]
[PlyCount "69"]
[EventDate "2008.01.22"]

1. d4 Nf6 2. c4 g6 3. Nc3 d5 4. cxd5 Nxd5 5. Bd2 Bg7 6. e4 Nb6 7. Be3 O-O 8.
Bb5 c6 9. Be2 e5 10. dxe5 Qxd1+ 11. Rxd1 Bxe5 12. Nf3 Bg7 13. Nd4 N8d7 14. f3
Ne5 15. Kf2 h5 16. h3 Nec4 17. Bc1 Rd8 18. Nb3 Be6 19. f4 Bf6 20. g4 hxg4 21.
hxg4 Rxd1 22. Rxd1 Rd8 23. Rxd8+ Bxd8 24. Nc5 Bc8 25. e5 f6 26. b3 Na5 27. N3e4
fxe5 28. Nd6 exf4 29. b4 Be7 30. Nce4 Nac4 31. Nxc8 Bxb4 32. Bxf4 Nxc8 33.
Bxc4+ Kf8 34. Be6 Ne7 35. Nf6 1-0

[Event "Gibtelecom Masters"]
[Site "Gibraltar"]
[Date "2008.01.25"]
[Round "4.26"]
[White "Karlsson, Lars"]
[Black "Revesz, Zoltan"]
[Result "1-0"]
[WhiteElo "2488"]
[BlackElo "2283"]
[PlyCount "49"]
[EventDate "2008.01.22"]

1. Nf3 d5 2. b3 c6 3. Bb2 Bg4 4. Ne5 Bf5 5. f4 Nd7 6. Nf3 e6 7. e3 Ngf6 8. Nc3
Bd6 9. Ne2 h6 10. Ng3 Bh7 11. Bd3 O-O 12. O-O Qc7 13. Bxh7+ Kxh7 14. c4 e5 15.
c5 Bxc5 16. fxe5 Ng8 17. Qc2+ g6 18. Nh5 Qb6 19. Nh4 Ne7 20. d4 Bb4 21. a3 Bd2
22. Rf3 Qb5 23. Nf6+ Nxf6 24. exf6 Qe2 25. Rf2 1-0

[Event "Gibtelecom Masters"]
[Site "Gibraltar"]
[Date "2008.01.25"]
[Round "4.27"]
[White "Al Sayed, Mohamad N"]
[Black "Tscharotschkin, Michael"]
[Result "1/2-1/2"]
[WhiteElo "2486"]
[BlackElo "2272"]
[PlyCount "143"]
[EventDate "2008.01.22"]

1. d4 e6 2. c4 Nf6 3. g3 d5 4. Nf3 b6 5. Bg2 Bb7 6. O-O Be7 7. Qa4+ Bc6 8. Qc2
dxc4 9. Qxc4 Bd5 10. Qa4+ Bc6 11. Qc2 Be4 12. Qd1 O-O 13. Nc3 Bb7 14. Ne5 Bxg2
15. Kxg2 c5 16. dxc5 Bxc5 17. Qxd8 Rxd8 18. Bf4 Nbd7 19. Nd3 Be7 20. Rfd1 a6
21. e4 Nc5 22. Nxc5 bxc5 23. f3 Kf8 24. Kf2 Ke8 25. Ke2 Nd7 26. Na4 Ra7 27.
Rac1 Rb7 28. b3 Rc8 29. Be3 Rcc7 30. Nb2 a5 31. Rc2 Rb5 32. Na4 Nb6 33. Nxb6
Rxb6 34. Rc4 Rb4 35. Rdc1 Kd7 36. Bd2 Rxc4 37. Rxc4 Ra7 38. Ra4 Bd8 39. Kd3 Kc6
40. Kc4 Rd7 41. Kc3 Kb5 42. Kc2 Rd4 43. Rxd4 cxd4 44. Bf4 f6 45. Bd6 Kc6 46.
Bf8 g6 47. Kd3 e5 48. Kc4 Bc7 49. Be7 f5 50. exf5 gxf5 51. a3 h5 52. b4 axb4
53. axb4 Bb6 54. Bf6 Bc7 55. h3 Kd7 56. b5 Ke6 57. Bh8 Bb6 58. Bg7 Ba7 59. f4
d3 60. Kxd3 exf4 61. gxf4 Kd5 62. Be5 Bb6 63. Kc3 Ba5+ 64. Kb3 Kc5 65. Ka4 Bb6
66. Bc3 Bc7 67. Bd2 Kc4 68. Be3 Kd3 69. Bc1 Kc2 70. Ba3 Bxf4 71. b6 Be5 72. Kb5
1/2-1/2

[Event "Gibtelecom Masters"]
[Site "Gibraltar"]
[Date "2008.01.25"]
[Round "4.28"]
[White "Socko, Monika"]
[Black "Bigg, Andrew J"]
[Result "1-0"]
[WhiteElo "2479"]
[BlackElo "2231"]
[PlyCount "49"]
[EventDate "2008.01.22"]

1. e4 e6 2. d4 d5 3. Nd2 Nf6 4. e5 Nfd7 5. c3 c5 6. Bd3 Nc6 7. Ne2 cxd4 8. cxd4
f6 9. Nf4 Nxd4 10. Qh5+ Ke7 11. Ng6+ hxg6 12. exf6+ Kxf6 13. Qxh8 Kf7 14. Qh3
e5 15. Nf3 Bb4+ 16. Kf1 Nxf3 17. gxf3 e4 18. fxe4 Nf6 19. Qh4 dxe4 20. Bc4+ Ke7
21. Bg5 Qd4 22. Rc1 Bf5 23. Kg2 Rd8 24. Rhd1 Qxd1 25. Bxf6+ 1-0

[Event "Gibtelecom Masters"]
[Site "Gibraltar"]
[Date "2008.01.25"]
[Round "4.29"]
[White "Muzychuk, Anna"]
[Black "Lyell, Mark"]
[Result "1-0"]
[WhiteElo "2460"]
[BlackElo "2221"]
[PlyCount "93"]
[EventDate "2008.01.22"]

1. e4 c6 2. d4 d5 3. Nd2 dxe4 4. Nxe4 Nf6 5. Nxf6+ gxf6 6. Nf3 Bg4 7. Be2 e6 8.
Be3 Nd7 9. h3 Bf5 10. Qd2 Bd6 11. O-O-O Qc7 12. Nh4 Be4 13. f3 Bg6 14. g4 O-O-O
15. Nxg6 hxg6 16. h4 Nb6 17. c4 c5 18. Qa5 Bf4 19. Bxf4 Qxf4+ 20. Kb1 cxd4 21.
Qxa7 d3 22. Bxd3 Qxf3 23. Bc2 Qc6 24. b3 Rxd1+ 25. Rxd1 Rxh4 26. Qa3 Nd7 27.
Kb2 Rxg4 28. Qe7 f5 29. Rd6 Qc7 30. Qe8+ Qd8 31. Qxf7 Qf6+ 32. Qxf6 Nxf6 33.
Rxe6 Nd7 34. a4 b6 35. Kc3 Kc7 36. b4 Rg2 37. Bd3 Ra2 38. Bc2 Ra3+ 39. Bb3 g5
40. Kb2 Rxb3+ 41. Kxb3 g4 42. Kc3 g3 43. Rg6 f4 44. Kd4 Nf8 45. Rg8 Ne6+ 46.
Ke5 Kd7 47. Rg6 1-0

[Event "Gibtelecom Masters"]
[Site "Gibraltar"]
[Date "2008.01.25"]
[Round "4.30"]
[White "Werner, Dimo"]
[Black "Arakhamia-Grant, Ketevan"]
[Result "1-0"]
[WhiteElo "2293"]
[BlackElo "2457"]
[PlyCount "77"]
[EventDate "2008.01.22"]

1. d4 Nf6 2. c4 g6 3. Nc3 Bg7 4. e4 d6 5. h3 O-O 6. Bd3 e5 7. d5 a5 8. Nge2 Na6
9. g4 c6 10. Ng3 cxd5 11. cxd5 Nc5 12. Be2 Bd7 13. a4 Qb6 14. Bb5 Bxb5 15. axb5
Nfd7 16. b3 Qd8 17. h4 Qe7 18. Be3 Rfc8 19. Ra3 Nb6 20. g5 a4 21. Nxa4 Ncxa4
22. bxa4 Nc4 23. Rc3 Nxe3 24. Rxc8+ Rxc8 25. fxe3 Qd7 26. O-O Qh3 27. Qf3 Qxh4
28. Qxf7+ Kh8 29. Kg2 Qxg5 30. Qxb7 Qg4 31. Qe7 h5 32. Qe6 Rc2+ 33. Rf2 Rxf2+
34. Kxf2 Qg5 35. b6 h4 36. Nf1 Kh7 37. b7 Qd8 38. Qc8 Qf6+ 39. Ke2 1-0

[Event "Gibtelecom Masters"]
[Site "Gibraltar"]
[Date "2008.01.25"]
[Round "4.31"]
[White "Greet, Andrew N"]
[Black "Rosberg, Simon"]
[Result "1-0"]
[WhiteElo "2444"]
[BlackElo "2246"]
[PlyCount "87"]
[EventDate "2008.01.22"]

1. e4 e6 2. d4 d5 3. Nc3 dxe4 4. Nxe4 Bd7 5. Nf3 Bc6 6. Bd3 Nd7 7. O-O Ngf6 8.
Ng3 Be7 9. b3 O-O 10. Bb2 Bxf3 11. Qxf3 c6 12. c4 Re8 13. Rad1 Nf8 14. h4 a5
15. a4 Qc7 16. h5 h6 17. Rfe1 Rad8 18. Nf1 N8h7 19. g3 Bd6 20. Bc2 b5 21. c5
Be7 22. axb5 cxb5 23. Ne3 Nf8 24. Bd3 Rb8 25. Ra1 Red8 26. Qe2 b4 27. Ra4 Ra8
28. Rea1 Nd5 29. Nxd5 exd5 30. Qf3 Bf6 31. Re1 Qd7 32. Qf5 Qc6 33. Bc2 g6 34.
hxg6 fxg6 35. Qf3 Ra7 36. Rea1 Rda8 37. Bd3 Kg7 38. Bc4 Rd7 39. Rxa5 Rxa5 40.
Rxa5 Qe6 41. c6 Qe1+ 42. Kg2 Re7 43. Qxd5 Ne6 44. c7 1-0

[Event "Gibtelecom Masters"]
[Site "Gibraltar"]
[Date "2008.01.25"]
[Round "4.32"]
[White "Papadopoulos, Ioannis"]
[Black "Heinis, Vincent"]
[Result "1/2-1/2"]
[WhiteElo "2444"]
[BlackElo "2184"]
[PlyCount "110"]
[EventDate "2008.01.22"]

1. e4 e6 2. d4 d5 3. Nd2 Nf6 4. e5 Nfd7 5. Bd3 c5 6. c3 Nc6 7. Ne2 cxd4 8. cxd4
f6 9. exf6 Nxf6 10. Nf3 Bd6 11. O-O Qc7 12. Nc3 a6 13. Bg5 O-O 14. Re1 Ng4 15.
g3 Qf7 16. Be2 h6 17. Be3 Qh5 18. Nh4 Nxe3 19. Bxh5 Nxd1 20. Raxd1 g5 21. Nf3
Bd7 22. Kg2 b5 23. Bg4 Rae8 24. Nxd5 h5 25. Bxh5 exd5 26. Bxe8 Rxe8 27. Rxe8+
Bxe8 28. Nxg5 Be7 29. Ne6 Bf6 30. Nc7 Bf7 31. Nxa6 Nxd4 32. Nb4 Bh5 33. Rd3 Bg6
34. Re3 Nc2 35. Re6 Kf7 36. Rxf6+ Kxf6 37. Nxd5+ Ke5 38. Nc7 b4 39. f4+ Kd6 40.
Nb5+ Kc5 41. Nc7 Kd6 42. Nb5+ Kc5 43. Na7 Bf7 44. g4 Bxa2 45. Kf2 Na3 46. h4
Nc4 47. h5 Nxb2 48. Ke2 Nc4 49. h6 Nd6 50. h7 Nf7 51. Kd2 Be6 52. f5 Bd7 53.
Kc2 Kc4 54. Kb2 Kd5 55. Nb5 Bxf5 1/2-1/2

[Event "Gibtelecom Masters"]
[Site "Gibraltar"]
[Date "2008.01.25"]
[Round "4.33"]
[White "Forsaa, Espen"]
[Black "Butnorius, Algimantas"]
[Result "0-1"]
[WhiteElo "2285"]
[BlackElo "2441"]
[PlyCount "60"]
[EventDate "2008.01.22"]

1. e4 e5 2. Nf3 Nc6 3. Bb5 a6 4. Ba4 Nf6 5. O-O Be7 6. Re1 b5 7. Bb3 d6 8. c3
O-O 9. h3 Nb8 10. d4 Nbd7 11. Nbd2 Bb7 12. Bc2 Re8 13. Nf1 Bf8 14. Ng3 g6 15.
b3 c6 16. Bg5 Bg7 17. Qd2 Qe7 18. a4 Qf8 19. Kh1 h6 20. Be3 Red8 21. Qe2 Ne8
22. Rad1 Nc7 23. c4 bxa4 24. bxa4 a5 25. d5 Na6 26. Qd2 Nb4 27. Bb3 cxd5 28.
cxd5 Ba6 29. Nh2 Nc5 30. Ng4 Nxb3 0-1

[Event "Gibtelecom Masters"]
[Site "Gibraltar"]
[Date "2008.01.25"]
[Round "4.34"]
[White "Wippermann, Till"]
[Black "Kozlov, Oleg"]
[Result "1/2-1/2"]
[WhiteElo "2435"]
[BlackElo "2144"]
[PlyCount "131"]
[EventDate "2008.01.22"]

1. e4 c5 2. Nf3 e6 3. d4 cxd4 4. Nxd4 a6 5. Bd3 Qb6 6. Nb3 Qc7 7. Be3 Nf6 8.
Qe2 d6 9. O-O Nbd7 10. f4 Be7 11. a4 b6 12. Nc3 Bb7 13. Nd4 g6 14. Nf3 O-O 15.
Rae1 Nc5 16. Bd4 d5 17. exd5 Nxd5 18. Nxd5 Bxd5 19. Bc4 Rfd8 20. Be5 Qb7 21.
Bxd5 Rxd5 22. b3 b5 23. axb5 axb5 24. c4 bxc4 25. bxc4 Rd3 26. Rb1 Qd7 27. Rfd1
Rd8 28. Rxd3 Nxd3 29. Bd4 Bc5 30. Bxc5 Nxc5 31. Qe3 Qc7 32. g3 Rc8 33. Ne5 Nd7
34. Nxd7 Qxd7 35. Rc1 Ra8 36. Qf2 Ra6 37. h4 h5 38. Kh2 Qc6 39. c5 Qa8 40. Rc2
Qd5 41. Qg2 Qxg2+ 42. Kxg2 Kf8 43. Kf3 Ra3+ 44. Ke4 Ke7 45. c6 Ra8 46. Rd2 Ra4+
47. Ke3 Ra3+ 48. Ke4 Ra4+ 49. Ke3 Ra7 50. Kd4 Kd6 51. Ke4+ Kxc6 52. Ke5 Ra3 53.
Kf6 Rxg3 54. Kxf7 Rg4 55. Kxe6 Rxf4 56. Rg2 Rg4 57. Rc2+ Kb5 58. Kf6 Kb4 59.
Rc8 Kb3 60. Rc7 Kb2 61. Rc8 Rxh4 62. Kxg6 Rh1 63. Kg5 h4 64. Kg4 h3 65. Kg3 Kb3
66. Rc7 1/2-1/2

[Event "Gibtelecom Masters"]
[Site "Gibraltar"]
[Date "2008.01.25"]
[Round "4.37"]
[White "Narayanan, Srinath"]
[Black "Paehtz, Elisabeth"]
[Result "0-1"]
[WhiteElo "2210"]
[BlackElo "2420"]
[PlyCount "98"]
[EventDate "2008.01.22"]

1. e4 e5 2. Nf3 Nc6 3. Bc4 Nf6 4. d3 Bc5 5. c3 a6 6. Bb3 Ba7 7. h3 d6 8. Nbd2
O-O 9. Nf1 Ne7 10. Ng3 Ng6 11. O-O h6 12. Re1 c5 13. d4 Qc7 14. a4 Re8 15. Be3
Bd7 16. Bc2 Rac8 17. Re2 cxd4 18. cxd4 Nf4 19. Rd2 Bb6 20. Bb3 Be6 21. dxe5
dxe5 22. Bxb6 Qxb6 23. Bxe6 Rxe6 24. Rc1 Rxc1 25. Qxc1 Rc6 26. Qd1 Qc7 27. Qb3
g6 28. Kh2 Kg7 29. Rd1 Ne6 30. Qe3 Rc4 31. b3 Rc3 32. Rd3 Rxd3 33. Qxd3 Qc5 34.
Qd2 a5 35. Kg1 b6 36. Kf1 Qa3 37. Qe3 Qa1+ 38. Qe1 Qb2 39. Qe3 Qb1+ 40. Ke2
Nf4+ 41. Kd2 Qb2+ 42. Kd1 Nd7 43. Nd2 Nxg2 44. Nf5+ Kf6 45. Qxh6 Qa1+ 46. Ke2
Nf4+ 47. Kf3 Qc3+ 48. Kg4 Ke6 49. Ng7+ Ke7 0-1